| 000 | 00518nam a2200205Ia 4500 | ||
|---|---|---|---|
| 003 | GCL | ||
| 008 | 140319s9999 xx 000 0 eng d | ||
| 040 |
_aGCL / _cGCL |
||
| 082 | 0 | 4 |
_a306.7 _bB M |
| 100 | 1 | _aBELL, DAVID | |
| 245 | 1 | 0 |
_aMAPPING DESIRE: GEOGRAPHIES OF SEXUALITIES / _cBELL, DAVID |
| 700 | 1 | _aVALENTINE, GILL | |
| 260 |
_a[S.N] : _bROUTLEDGE ، _c1995 |
||
| 300 | _a370 P | ||
| 650 | 0 | 4 | _aSEXUALITY |
| 650 | 0 | 4 | _aHOMOSEXUAL |
| 650 | 0 | 4 | _aSEXUAL - GEOGRAPHY |
| 650 | 0 | 4 | _aCULTURE |
| 942 |
_2ddc _cBK |
||
| 999 |
_c15899 _d15899 |
||